| 000 | 00597nam a22002177a 4500 | ||
|---|---|---|---|
| 005 | 20170124110222.0 | ||
| 010 | _a183430 | ||
| 020 | _c00.00 | ||
| 035 | _a183430 | ||
| 037 | _bCen Lib/Ret | ||
| 040 |
_aDPL _bEN |
||
| 082 |
_a709.437 _bLAM |
||
| 100 |
_aLamac, Miroslav _940620 |
||
| 245 |
_aContemporary art in czechoslovakia / _cby Miroslav Lamac |
||
| 260 |
_aPrague _bOrbis _c1958 |
||
| 270 | _bPrague | ||
| 300 |
_a139p.: _c21cm(Hb) _bill. |
||
| 650 |
_aFine arts _940621 |
||
| 650 |
_aFamous artists _zCzechoslovakia _940622 |
||
| 942 |
_2ddc _cEN _h709.437 _mLAM |
||
| 999 |
_c134221 _d134221 |
||